|
|
|
|
| LEADER |
00000nam a2200000 a 4500 |
| 001 |
vtls001226819 |
| 003 |
SK-MaSNL |
| 005 |
20260301003337.0 |
| 008 |
251113s1987 DE 0 ger |
| 035 |
|
|
|a SNK000173821
|
| 040 |
|
|
|a SNK
|b slo
|c SNK
|e AACR2
|
| 041 |
0 |
|
|a ger
|
| 044 |
|
|
|a DE
|
| 245 |
1 |
|
|a Beiträge zur Kritik der bürgerlichen Philosophie und Gesellschaftstheorie
|n 7/8. diel
|c Zost. Rolf Bauermann und Dieter Bergner
|
| 260 |
|
|
|a Halle (Saale)
|b Martin-Luther-Univ. Halle-Wittenberg
|c 1987
|
| 300 |
|
|
|a 232 s.
|c 8°
|
| 490 |
1 |
|
|a Kongress- und Tagungsberichte der Martin-Luther-Universität Halle-Wittenberg - WB 1987/37 (A 93)
|
| 700 |
1 |
|
|a Bauermann, Rolf
|4 zos
|9 284474
|
| 700 |
1 |
|
|a Bergner, Dieter
|4 zos
|9 284475
|
| 830 |
|
0 |
|a Kongress- und Tagungsberichte der Martin-Luther-Universität Halle-Wittenberg - WB 1987/37 (A 93)
|9 284478
|
| 958 |
|
|
|a RK
|
| 958 |
|
|
|a OND
|
| 999 |
|
|
|c 539241
|d 541171
|
| 952 |
|
|
|t P60, <04>, [BOOK], {604}
|a SNK
|b SNK
|y VYP
|7 0
|o snkIC 86624/7/8
|i snkV 3617/88
|0 0
|1 0
|4 0
|d 1996-04-23
|l 0
|r 2005-01-01 00:00:00
|w 2026-02-23
|